000 00248nam a2200109Ia 4500
008 220204s9999 xx 000 0 und d
082 _a82-3
_bKAZ
100 _aKazan, Elia
245 0 _aActs of love
260 _aLondon
_bGranada
_c1978
942 _cBK
999 _c30779
_d30779